LEADER 01232nam a2200313 a 4500 001 000000122406 003 CaOOAMICUS 005 20100706152939.0 008 100706t2007 it u000 u ita r 020 $a978-88-15-11653-6 040 $aPUL$bita$dReb 041 1 $aita$hfre 082 04$a909 100 1 $aGreilsammer, Ilan.$0(OLS)http://pul/name/76811 240 10$aSionisme$lItaliano.$0(OLS)http://pul/title/154163 245 13$aIl sionismo /$cIlan Greilsammer. 260 $aBologna :$bIl Mulino,$c©2007. 300 $a114 p. ;$c21 cm. 490 1 $aUniversale paperbacks Il Mulino ;$v521 504 $aInclude riferimenti bibliografici ed indice. 650 4$aSionismo.$0(OLS)http://pul/subject/20650 830 0$aUniversale paperbacks Il Mulino ;$v521.$0(OLS)http://pul/title/190 850 $aPUL 852 $aPUL$W1$xDP2 Filosofia 3$y112$m909 COLL 2.521$j140572$qDDC 21$B139681$CPULBib$Z2$F139681 $H114331 $82 941 1 $a9 996 $6020$a978-88-15-11653-6$9(OLS)http://pul/number/144786 996 $6082$a909$9(OLS)http://pul/classification/566 996 $6245$aIl sionismo$9(OLS)http://pul/title/66051 996 $6260$aBologna :$bIl Mulino$9(OLS)http://pul/publisher/47928 LEADER 01585nam a2200337 a 4500 001 000000134373 003 CaOOAMICUS 005 20130613102501.0 008 130613s1974 it u000 u ita r 040 $aPUL$bita 041 1 $aita$hfre 100 1 $aProudhon, Pierre Joseph,$d1809-1865.$0(OLS)http://pul/name/8215 240 10$aQu'est-ce la propriété?.$lItaliano.$0(OLS)http://pul/title/169919 245 10$aChe cos'è la proprietà? :$bO ricerche sul principio del diritto e del governo, prima memoria (1840) /$cPierre-Joseph Proudhon ; prefazione, cronologia, biografia a cura di Umberto Cerroni. 246 30$aRicerche sul principio del diritto e del governo 250 $a2. ed. 260 $aRoma ;$aBari :$bLaterza,$c1974. 300 $aXLVIII, 299 p. ;$c18 cm 490 1 $aUniversale Laterza ;$v67 504 $aRiferimenti bibliografici. 650 4$aProprietà.$0(OLS)http://pul/subject/1843 700 1 $aCerroni, Umberto.$0(OLS)http://pul/name/30193 830 0$aUniversale Laterza ;$v67.$0(OLS)http://pul/title/569 850 $aPUL 852 $aPUL$W1$xDP1 Fondo E. Rossi$y115$m1 P 71$j154507$qFondi$B154056$CPULBib$Z2$F154056 $82 941 1 $a1 961 $aSul dorso collocazione ms. di E. Rossi: P 32 996 $6245$aChe cos'è la proprietà? :$bO ricerche sul principio del diritto e del governo, prima memoria (1840)$9(OLS)http://pul/title/169920 996 $6246$aRicerche sul principio del diritto e del governo$9(OLS)http://pul/title/169922 996 $6260$aRoma ;$aBari :$bLaterza$9(OLS)http://pul/publisher/57682